000 00234nam a22001097a 4500
999 _c260679
_d260678
020 _a0439429358
100 _aJoanna Cole
245 _aThe Magic School Bus
260 _aNew York
_bScholastic
_c2003
300 _a87 pgs
942 _cBK